All 50k+ cities in Georgia on a map - Statistics

General Stats
  • This quiz has been taken 456 times
  • The average score is 12 of 19
Answers on the Map
Answers color-coded by a green-red scale on the quiz's map according to % correct below.
 
Answer Stats
hint Answer % Correct
496,461 Atlanta
100%
147,088 Savannah
98%
201,196 Augusta
92%
127,358 Athens
90%
156,762 macon
89%
205,617 Columbus
85%
55,567 Valdosta
68%
107,180 Sandy Springs
66%
61,497 Marietta
65%
66,127 Alpharetta
64%
81,446 Warner Robins
61%
108,575 South Fulton
57%
69,048 Albany
56%
92,530 Roswell
50%
82,065 Johns Creek
43%
55,685 Smyrna
38%
50,901 Dunwoody
36%
55,366 Brookhaven
32%
59,863 Stonecrest
25%
No matching quizzes found
Score Distribution
Percent of People with Each Score
Percentile by Number Answered
Your Score History
You have not taken this quiz